00764 2200181 4500001002100000005001500021035002000036245004300056100001600099300003000115260003200145082000800177084001400185020001800199600001000217520034300227990001200570INLIS00000000000149820241128101946 a0010-11240000211 aKarena Waktu Telah Tiba /cFahri Asiza0 aFahri Asiza a226 hlm ;c11,5 x 17,5 cm aJakarta :bCakrawala,c2004 a813 a813 FAH k a978-988-395-4 4aFahri aEnam tahun lalu, peristiwa itu nyaris saja terjadi. Peristiwa yang masih membekas di hati Arga, peristiwa yang melukainya. Dia tak mau peristiwa itu terjadi lagi. Jalan terbaik, ia memutuskan hubungan dengan Nayya. Ketika itu mereka masih duduk di bangku SLTA kelas dua. Sekarang Nayya muncul kembali setelah bertahun-tahun tinggal di LA. a0754529